Europa: Geografie mit V - Statistiken

Allgemein
  • Dieses Quiz wurde 179 mal gespielt
  • Das Durchschnittsergebnis liegt bei 9 aus 16
Antwortstatistiken
Hinweis Antwort % Korrekt
Dieser kleinste Staat der Welt befindet sich mitten in Rom Vatikanstadt
100%
Die italienische Lagunenstadt war lange Zeit eine selbstständige Republik Venedig
96%
Die drittgrößte Stadt Spaniens ist Hauptstadt der gleichnamigen Provinz Valencia
92%
Der Namenszusatz der Hauptstadt des Pyrenäenstaates bedeutet "die Alte" Andorra la {Vella}
84%
Nenne eine der beiden europäischen Hauptstädte mit weniger als 6000 Einwohnern Vaduz | Valletta
84%
Die Stadt im Westen von Paris ist berühmt für eines der größten Schlösser der Welt Versailles
84%
Eines der Wahrzeichen dieser baltischen Hauptstadt ist der Gediminas-Turm Vilnius
82%
Die größte Stadt dieses österreichischen Bundeslandes ist Dornbirn Vorarlberg
58%
Luzern liegt an diesem See, der als einer der schönsten der Schweiz gilt {Vierwaldstätter}see
51%
Die größte bulgarische Stadt am Schwarzen Meer war die erste Endstation des Orient-Express Varna
47%
Dieses ostfranzösische Gebirge am Rande des Elsass erreicht eine Höhe von 1424 m Vogesen
44%
Die nach einem Seefahrer benannte Brücke über den Tejo bei Lissabon ist die zweitlängste Brücke Europas Ponte {Vasco} {da} {Gama}
37%
Die größte Stadt auf der schwedischen Insel Gotland war einst eine bedeutende Hansestadt Visby
31%
Nenne einen der beiden größten Seen Schwedens Vänern | Vättern
21%
Dieser Gletscher nimmt etwa 8% der Fläche Islands ein {Vatna}jökull
18%
Autonome Provinz im Norden Serbiens mit Novi Sad als Haupstadt Vojvodina
16%
Keine übereinstimmenden Quizze gefunden
Verteilung der Resultate
Anzahl Personen mit jedem Resultat
Perzentil nach korrekt beantworteten Fragen
Ihre Resultats-Entwicklung
Sie haben dieses Quiz noch nicht gespielt